| 000 | 00594nam a22001817a 4500 | ||
|---|---|---|---|
| 003 | CEME | ||
| 005 | 20210628210236.0 | ||
| 008 | 210215b xxu||||| |||| 00| 0 eng d | ||
| 020 | _a0-471-11026-4 | ||
| 040 | _c. | ||
| 082 | _a69 SCH | ||
| 100 |
_aShibley, Robert.G Schneekloth, Lynda.H _978704 |
||
| 245 | _aPlacemaking the art and practice of building communities | ||
| 260 |
_aNEW YORK _bJOHN WILEY _c1995 |
||
| 300 | _a260P | ||
| 650 |
_aARCHITECTS AND COMMUNITY COMMUNITY DEVELOPMENT-URBAN-UNITED STATED-CASE STUDIES CITY PLANNING-UNITED STATES-CASE STUDIES _978705 |
||
| 942 |
_cBK _2ddc |
||
| 999 |
_c583798 _d583798 |
||